000 00531nam a2200181 i 4500
001 72425
003 ES-MaACL
005 20250704063114.0
007 t|
008 040901s1968 sp ||||1| spa d
100 1 _aGironella, José María,
_d1917-2003
_957298
245 1 0 _aConversaciones con Don Juan de Borbón /
_cJosé María Gironella.
250 _a[1ª ed.].
260 _aMadrid :
_bAguado,
_c[1968]
300 _a82 p., 4 lám. ;
_c20 cm.
852 _aES-MaACL
_jC-34133
_bR.64906
999 _c72425
_d72425